Исследование нанодисперсных порошков и полученных из них материалов методом искрового плазменного спекания; Новые материалы. Создание, структура, свойства - 2013

Dades bibliogràfiques
Parent link:Новые материалы. Создание, структура, свойства - 2013.— 2013.— [С. 176-185]
Autor principal: Сяменчик Т. А.
Autor corporatiu: Национальный исследовательский Томский политехнический университет (ТПУ) Институт физики высоких технологий (ИФВТ) Кафедра материаловедения в машиностроении (ММС)
Altres autors: Матренин С. В. Сергей Вениаминович
Sumari:Заглавие с экрана
Idioma:rus
Publicat: 2013
Col·lecció:Перспективные материалы и технологии в машиностроении
Matèries:
Accés en línia:http://www.lib.tpu.ru/fulltext/c/2013/C39/043.pdf
Format: MixedMaterials Electrònic Capítol de llibre
KOHA link:https://koha.lib.tpu.ru/cgi-bin/koha/opac-detail.pl?biblionumber=603506

MARC

LEADER 00000naa2a2200000 4500
001 603506
005 20260209163335.0
035 |a (RuTPU)RU\TPU\conf\700 
035 |a RU\TPU\conf\697 
090 |a 603506 
100 |a 20140121d2013 k y0rusy50 ca 
101 0 |a rus 
102 |a RU 
135 |a drcn ---uucaa 
181 0 |a i  
182 0 |a b 
200 1 |a Исследование нанодисперсных порошков и полученных из них материалов методом искрового плазменного спекания  |f Т. А. Сяменчик, С. В. Матренин 
203 |a Текст  |c электронный 
215 |a 1 файл(582 Kb) 
225 1 |a Перспективные материалы и технологии в машиностроении 
300 |a Заглавие с экрана 
320 |a [Библиогр.: с. 180 (5 назв.)] 
337 |a Adobe Reader 
463 1 |0 (RuTPU)RU\TPU\conf\36  |t Новые материалы. Создание, структура, свойства - 2013  |o XIII Всероссийская школа-семинар с международным участием, г. Томск, 9-13 сентября 2013 г.  |f Национальный исследовательский Томский политехнический университет (ТПУ)  |o сборник трудов  |v [С. 176-185]  |d 2013 
610 1 |a электронный ресурс 
610 1 |a труды учёных ТПУ 
610 1 |a нанодисперсные порошки 
610 1 |a искровое плазменное спекание 
610 1 |a исследование 
700 1 |a Сяменчик  |b Т. А. 
701 1 |a Матренин  |b С. В.  |c специалист в области материаловедения  |c доцент Томского политехнического университета, кандидат технических наук  |f 1964-  |g Сергей Вениаминович  |3 (RuTPU)RU\TPU\pers\25491 
712 0 2 |a Национальный исследовательский Томский политехнический университет (ТПУ)  |b Институт физики высоких технологий (ИФВТ)  |b Кафедра материаловедения в машиностроении (ММС)  |3 (RuTPU)RU\TPU\col\18688 
801 1 |a RU  |b 63413507  |c 20101016 
801 2 |a RU  |b 63413507  |c 20140415  |g RCR 
856 4 |u http://www.lib.tpu.ru/fulltext/c/2013/C39/043.pdf 
942 |c CF